| 000 | 00675nam a2200265Ia 4500 | ||
|---|---|---|---|
| 005 | 20250425162054.0 | ||
| 008 | 250425s9999 xx 000 0 und d | ||
| 020 | _a0534031449 | ||
| 041 | _aspa | ||
| 082 | _a547 | ||
| 100 | _aFESSENDEN, RALPH J | ||
| 245 | 0 | _aQUIMICA ORGANICA | |
| 250 | _a1A ED. | ||
| 260 |
_aEstados Unidos _bGRUPO EDITORIAL IBEROAMERICA _c1983 |
||
| 260 | _aS.L. | ||
| 300 | _a1077 | ||
| 500 | _aEN CIBGZ-FIMCP D-30245 PARA ING. DE ALIMENTOS.- MHP. | ||
| 650 | _aALCOHOLES | ||
| 650 | _aCARBOHIDRATOS | ||
| 650 | _aQUIMICA ORGANICA | ||
| 650 | _aREACCIONES QUIMICAS | ||
| 700 | _aFESSENDEN, JOAN S | ||
| 942 | _c01 | ||
| 010 | _a47368 | ||
| 999 |
_c221789 _d221789 |
||